Participatory monitoring and evaluation of community projects : community based project monitoring, qualitative impact assessment, and people-friendly evaluation methods /

Saved in:
Bibliographic Details
Main Author: Mulwa, Francis Wambua
Format: Book
Published: Eldoret, Kenya : Nairobi, Kenya : Zapf Chancery ; P. Olivex Publishers, c2008
Subjects:
Tags: Add Tag
No Tags, Be the first to tag this record!

MARC

LEADER 00000cam a2200000 a 4500
005 20251002104359.0
020 |a 9966973214  |c TZS 20,800/= 
040 |a MCCL  |b eng.  |e AACR 2nd rev.ed. 
082 |a 307.34 MUL 
100 1 |a Mulwa, Francis Wambua. 
245 1 0 |a Participatory monitoring and evaluation of community projects :  |b community based project monitoring, qualitative impact assessment, and people-friendly evaluation methods /  |c Francis W. Mulwa. 
260 |a Eldoret, Kenya :  |b Zapf Chancery ;  |a Nairobi, Kenya :  |b P. Olivex Publishers,  |c c2008 
300 |a  296p. :  |b ill. ;  |c 21 cm. 
504 |a Includes bibliographical references  
546 |a eng. 
650 0 |a Community development 
650 0 |a Economic development projects 
700 |a Mulwa, Francis Wambua. 
942 |c BK 
999 |c 11597  |d 11597